000 00762nam a22002177a 4500
999 _c10116
_d10116
003 AR-CdUCM
008 190329b ||||| |||| 00| 0 spa d
040 _aMUNICIPALIDAD PROVINCIAL DEL CUSCO
_cBIBLIOTECA MUNICIPAL DEL CUSCO
082 _a869.624 /
_bP59P / 1971
100 _aPino, Bruno
_926781
245 _aPoesía, este hombre del que hablo... /
260 _aQuito :
_b[s.e],
_c1971.
300 _a[s.n] ;
_c13 cm.
500 _aDonación de la familia Nieto. Publicación literaria del sur andino. Publicación artesanal.
650 _aPoesía ecuatoriana
_91692
650 _aPoetas ecuatorianos
_923698
650 _aPoesía - Ecuador - Siglo XX
_914792
650 _aPublicaciones artesanales
_926782
942 _2ddc
_cLIBROS
945 _alccs